Horizons : Student's book 1

Kaydedildi:
Detaylı Bibliyografya
Yazar: Radley, Paul
Materyal Türü: Kitap
Dil:Undetermined
Baskı/Yayın Bilgisi: Oxford Oxford University Press 2005
Konular:
Etiketler: Etiketle
Etiket eklenmemiş, İlk siz ekleyin!
Thư viện lưu trữ: Trung tâm Học liệu Trường Đại học Cần Thơ
LEADER 00573nam a2200205Ia 4500
001 CTU_93283
008 210402s9999 xx 000 0 und d
082 |a 428.24 
082 |b R124/sb1 
100 |a Radley, Paul 
245 0 |a Horizons : 
245 0 |b Student's book 1 
245 0 |c Paul Radley, Daniela Simons, Colin Campbell 
260 |a Oxford 
260 |b Oxford University Press 
260 |c 2005 
650 |a English language 
650 |x Textbooks for foreign speakers 
904 |i Năm,Hải 
980 |a Trung tâm Học liệu Trường Đại học Cần Thơ